বঙ্গীয় নাট্যশালার ইতিহাস ১৭৯৫-১৮৭৬ / (Record no. 39848)
[ view plain ]
| 000 -LEADER | |
|---|---|
| fixed length control field | 01019nam a2200241 a 4500 |
| 001 - CONTROL NUMBER | |
| control field | 39848 |
| 003 - CONTROL NUMBER IDENTIFIER | |
| rucl marc code | BD-RjUL |
| 005 - DATE AND TIME OF LATEST TRANSACTION | |
| control field | 20211209053055.0 |
| 008 - FIXED-LENGTH DATA ELEMENTS--GENERAL INFORMATION | |
| fixed length control field | 160419s1947 ii |||| |||| 00| 0 ben d |
| 020 ## - INTERNATIONAL STANDARD BOOK NUMBER | |
| Terms of availability | : IRs. 4.00 |
| 035 ## - SYSTEM CONTROL NUMBER | |
| System control number | (BD-RjUL)39962 |
| 040 ## - CATALOGING SOURCE | |
| Original cataloging agency | BD-RjUL |
| Language of cataloging | ben |
| Transcribing agency | BD-RjUL |
| 041 ## - LANGUAGE CODE | |
| Language code of text/sound track or separate title | ben |
| 082 ## - DEWEY DECIMAL CLASSIFICATION NUMBER | |
| Edition number | 23 |
| Classification number | 792.095414 |
| Author mark and year | BAB 1947 |
| 100 ## - MAIN ENTRY--PERSONAL NAME | |
| Personal name | বন্দোপাধ্যায়, ব্রজেন্দ্রনাথ |
| 9 (RLIN) | 122762 |
| 245 10 - TITLE STATEMENT | |
| Title | বঙ্গীয় নাট্যশালার ইতিহাস ১৭৯৫-১৮৭৬ / |
| Statement of responsibility, etc. | ব্রজেন্দ্রনাথ, বন্দোপাধ্যায় |
| 250 ## - EDITION STATEMENT | |
| Edition statement | 3 ed. |
| 260 ## - PUBLICATION, DISTRIBUTION, ETC. (IMPRINT) | |
| Place of publication, distribution, etc. | কলিকাতা : |
| Name of publisher, distributor, etc. | বঙ্গীয়-সাহিত্য-পরিষদ- মন্দির, |
| Date of publication, distribution, etc. | ১৯৪৭ |
| 300 ## - PHYSICAL DESCRIPTION | |
| Pagination | ২৩৬ পৃ. ; |
| Size | ২৫ সেমি. |
| 650 ## - SUBJECT ADDED ENTRY--TOPICAL TERM | |
| Topical term or geographic name as entry element | Theater |
| General subdivision | History |
| Geographic subdivision | India |
| -- | West Bengal |
| 9 (RLIN) | 122763 |
| Topical term or geographic name as entry element | Bengali drama |
| General subdivision | History and criticism |
| Geographic subdivision | India |
| -- | West Bengal |
| 9 (RLIN) | 122764 |
| 942 ## - ADDED ENTRY ELEMENTS (KOHA) | |
| Source of classification or shelving scheme | Dewey Decimal Classification |
| Koha item type | Books |
| Lost status | Source of classification or shelving scheme | Damaged status | Not for loan | Collection code | Permanent Location | Current Location | Shelving location | Date acquired | Source of acquisition | Cost, normal purchase price | Total Checkouts | Full call number | Date last seen | Copy number | Koha item type |
|---|---|---|---|---|---|---|---|---|---|---|---|---|---|---|---|
| Dewey Decimal Classification | Non-fiction | Central Library, University of Rajshahi | Central Library, University of Rajshahi | 23/11/1962 | Kamla Book | 6.00 | B 792.095414 BAB 1947 | 19/04/2016 | C-2 | Books |